[Event "7th Hainan Danzhou GM"]
[Site "Danzhou CHN"]
[Date "2016.07.08"]
[Round "1.2"]
[White "Leko, Peter"]
[Black "Yu, Yangyi"]
[Result "1/2-1/2"]
[WhiteTitle "GM"]
[BlackTitle "GM"]
[WhiteElo "2712"]
[BlackElo "2734"]
[WhiteFideId "703303"]
[BlackFideId "8603820"]
[EventDate "2016.07.08"]

1. d4 Nf6 2. c4 e6 3. Nf3 d5 4. Nc3 Bb4 5. cxd5 exd5 6. Bg5 h6 7. Bh4 Bf5 8.
Qa4+ Nc6 9. e3 g5 10. Bg3 O-O 11. Bb5 Bxc3+ 12. bxc3 Ne7 13. Nd2 Ne4 14. Nxe4
Bxe4 15. O-O c6 16. Be2 Nf5 17. c4 dxc4 18. Qxc4 Qd5 19. Qxd5 Bxd5 20. a4 Rae8
21. Rfe1 Re7 22. Bg4 Nxg3 23. hxg3 f5 24. Bf3 Rd8 25. Rab1 Kf7 26. Rec1 g4 27.
Bxd5+ Rxd5 28. Rc4 h5 29. Kf1 Ke6 30. Ke2 Kd6 31. Kd3 b6 32. Rh1 Rh7 33. f3 c5
34. e4 fxe4+ 35. fxe4 Rxd4+ 36. Rxd4+ cxd4 37. Kxd4 Ke6 38. Rc1 Rd7+ 39. Ke3 a6
40. a5 b5 41. Rc8 b4 42. Ra8 Ke5 43. Rxa6 Rc7 44. Ra8 Rc3+ 45. Kd2 Rxg3 46. a6
Rxg2+ 47. Ke3 Rg3+ 48. Ke2 Rg2+ 49. Ke3 Rg3+ 50. Ke2 Rg2+ 51. Ke3 1/2-1/2

[Event "7th Hainan Danzhou GM"]
[Site "Danzhou CHN"]
[Date "2016.07.09"]
[Round "2.4"]
[White "Yu, Yangyi"]
[Black "Nepomniachtchi, Ian"]
[Result "1-0"]
[WhiteTitle "GM"]
[BlackTitle "GM"]
[WhiteElo "2734"]
[BlackElo "2725"]
[WhiteFideId "8603820"]
[BlackFideId "4168119"]
[EventDate "2016.07.08"]

1. d4 Nf6 2. c4 g6 3. Nf3 Bg7 4. g3 c6 5. Bg2 d5 6. b3 O-O 7. O-O b6 8. Bb2 Bb7
9. Nc3 Nbd7 10. Qc2 e6 11. cxd5 exd5 12. Rfd1 Re8 13. e3 a5 14. Rac1 Rc8 15. Qb1
Ba6 16. Rc2 Ng4 17. Ne2 Ngf6 18. Nf4 Bb7 19. Qc1 Ne4 20. Bh3 Qe7 21. Ba3 Qd8 22.
Bg2 Qf6 23. Nd3 Qe6 24. Nd2 g5 25. Nf3 f6 26. Re1 Ba6 27. Qd1 Qf5 28. Nb2 h5 29.
Na4 h4 30. Nc3 hxg3 31. hxg3 Bf8 32. Bxf8 Kxf8 33. Nxe4 dxe4 34. Nd2 Bd3 35. Rc3
c5 36. Nc4 Bxc4 37. Rxc4 b5 38. Rc3 Kg7 39. Qe2 b4 40. Rc2 Rh8 41. Qb5 Rce8 42.
Qxa5 Rh7 43. Qb5 Re7 44. Qc6 Rh8 45. Qd6 Rf7 46. Rc4 Rh6 47. Qc6 Re7 48. dxc5 g4
49. Qd6 Rf7 50. Qf4 Qh5 51. Rxe4 Ne5 52. Rd1 Rh8 53. Rxb4 Qh7 54. Qe4 Qh5 55.
Rb7 Re8 56. Rxf7+ Qxf7 57. c6 Nf3+ 58. Bxf3 Rxe4 59. Bxe4 Kh6 60. Rc1 Qc7 61. b4 1-0

[Event "7th Hainan Danzhou GM"]
[Site "Danzhou CHN"]
[Date "2016.07.10"]
[Round "3.1"]
[White "Leko, Peter"]
[Black "Hou, Yifan"]
[Result "1/2-1/2"]
[WhiteTitle "GM"]
[BlackTitle "GM"]
[WhiteElo "2712"]
[BlackElo "2653"]
[WhiteFideId "703303"]
[BlackFideId "8602980"]
[EventDate "2016.07.08"]

1. d4 Nf6 2. c4 e6 3. Nf3 d5 4. Nc3 Bb4 5. cxd5 exd5 6. Bg5 h6 7. Bh4 c5 8. e3
c4 9. Be2 Nc6 10. O-O g5 11. Bg3 O-O 12. Ne5 Bxc3 13. bxc3 Ne4 14. Bf3 Nxg3 15.
hxg3 Bf5 16. Bg4 Be4 17. f4 Nxe5 18. dxe5 f6 19. Qd4 fxe5 20. fxe5 Qb6 21. Bf3
Qg6 22. Rad1 Rae8 23. Qxa7 Bxf3 24. Rxf3 Rxf3 25. gxf3 Qc2 26. Qd4 Rxe5 27. Rd2
Qc1+ 28. Kf2 Rf5 29. g4 Rf7 30. Kg2 Qe1 31. a4 Qa1 32. Qe5 Qe1 33. Qd4 Qa1 34.
Rf2 Qc1 35. Re2 Qa3 36. Qe5 Qc5 37. Kf2 Qc6 38. Qd4 Rd7 39. a5 Qc7 40. Kg2 Qxa5
41. e4 Qd8 42. Rd2 Qf8 43. exd5 Qf4 44. Qf2 Qe5 45. Qc5 Kg7 46. Qxc4 Rc7 47. Qa2
Rxc3 48. Qb2 Qf6 49. Qxb7+ Qf7 50. Qxf7+ Kxf7 51. d6 Rc8 52. d7 Rd8 53. Rd6 Ke7
54. Rxh6 Rxd7 55. Rh7+ Ke6 56. Rxd7 Kxd7 57. Kf2 Kd6 58. Ke2 Ke6 59. Kd2 Kd6 60.
Kc3 Ke5 61. Kd3 Kd5 62. Ke2 Ke6 63. Kd2 Kd6 64. Ke3 Ke5 65. f4+ gxf4+ 66. Kf3
Ke6 67. Kxf4 Kf6 68. g5+ Kg6 69. Kg4 Kg7 70. Kf5 Kf7 71. g6+ Kg7 72. Kg5 Kg8 73.
Kf6 Kf8 74. g7+ Kg8 75. Kg6 1/2-1/2

[Event "7th Hainan Danzhou GM"]
[Site "Danzhou CHN"]
[Date "2016.07.11"]
[Round "4.5"]
[White "Leko, Peter"]
[Black "Nepomniachtchi, Ian"]
[Result "0-1"]
[WhiteTitle "GM"]
[BlackTitle "GM"]
[WhiteElo "2712"]
[BlackElo "2725"]
[WhiteFideId "703303"]
[BlackFideId "4168119"]
[EventDate "2016.07.08"]

1. e4 c5 2. Nf3 d6 3. d4 cxd4 4. Nxd4 Nf6 5. Nc3 a6 6. f3 e5 7. Nb3 Be6 8. Be3
Be7 9. Qd2 h5 10. Be2 Nbd7 11. Nd5 Bxd5 12. exd5 O-O 13. O-O Qb8 14. Kh1 Bd8 15.
f4 Re8 16. c4 b5 17. fxe5 Nxe5 18. cxb5 axb5 19. Nd4 Nc4 20. Bxc4 bxc4 21. Bg1
Qb7 22. Qc2 Ne4 23. Rae1 Qxd5 24. Rf5 Qb7 25. Rb5 Qe7 26. Rf1 g6 27. Nf3 Qe6 28.
a4 h4 29. Nd4 Qd7 30. Qxc4 h3 31. Rf4 Nc5 32. b3 hxg2+ 33. Kxg2 Rc8 34. Qf1 Bg5
35. Rf3 Ne4 36. Rd3 Qg4+ 37. Kh1 Rc1 38. Qg2 Qh4 39. Rf3 Be3 40. Ne2 Nf2+ 41.
Rxf2 Bxf2 42. Nxc1 Bxg1 43. Qg3 Qd4 44. Qxg1 Qd2 45. Nd3 Qxd3 46. Rg5 Re2 0-1

[Event "7th Hainan Danzhou GM"]
[Site "Danzhou CHN"]
[Date "2016.07.12"]
[Round "5.1"]
[White "Nepomniachtchi, Ian"]
[Black "Hou, Yifan"]
[Result "1-0"]
[WhiteTitle "GM"]
[BlackTitle "GM"]
[WhiteElo "2725"]
[BlackElo "2653"]
[WhiteFideId "4168119"]
[BlackFideId "8602980"]
[EventDate "2016.07.08"]

1. d4 Nf6 2. c4 e6 3. Nf3 b6 4. g3 Bb4+ 5. Bd2 Bxd2+ 6. Qxd2 Ba6 7. Qc2 c5 8.
Bg2 Nc6 9. dxc5 bxc5 10. O-O O-O 11. Rd1 Qe7 12. Qa4 Bb7 13. Nc3 d6 14. Rd2 Rfd8
15. Rad1 a6 16. Ng5 Nd4 17. Bxb7 Qxb7 18. e3 Nf5 19. Qc2 Rac8 20. Nd5 exd5 21.
Qxf5 h6 22. Nf3 dxc4 23. Rxd6 Qc7 24. Rxd8+ Rxd8 25. Rxd8+ Qxd8 26. Qxc5 Qd1+
27. Kg2 Qc2 28. Qc8+ Kh7 29. h3 a5 30. Nd4 Qe4+ 31. Kh2 Qd3 32. Qc7 Qf1 33. Qf4
Qb1 34. Qf5+ Qxf5 35. Nxf5 Ne4 36. Kg2 c3 37. bxc3 Nxc3 38. a3 Nb5 39. a4 Nc3
40. Nd4 Nxa4 41. Nb3 h5 42. Nxa5 g6 43. Nc4 Kg7 44. Kf3 Nc5 45. e4 Ne6 46. Ke3
Kf6 47. f4 Nc7 48. Ne5 Nb5 49. Kd3 Ke6 50. Nf3 Ke7 51. Nd4 Nc7 52. Ke3 Na6 53.
f5 gxf5 54. Nxf5+ Kf6 55. Kf4 Nc5 56. e5+ Kg6 57. Ne7+ Kg7 58. Kf5 Nd3 59. Nd5
Nc5 60. h4 Kh6 61. Nf6 Ne6 62. Ne8 Nc5 63. Nd6 Kg7 64. Ne8+ Kh6 65. Nd6 Kg7 66.
Kg5 Nd7 67. Nc4 f6+ 68. exf6+ Nxf6 69. Nd6 1-0

[Event "7th Hainan Danzhou GM"]
[Site "Danzhou CHN"]
[Date "2016.07.16"]
[Round "8.1"]
[White "Hou, Yifan"]
[Black "Yu, Yangyi"]
[Result "1/2-1/2"]
[WhiteTitle "GM"]
[BlackTitle "GM"]
[WhiteElo "2653"]
[BlackElo "2734"]
[WhiteFideId "8602980"]
[BlackFideId "8603820"]
[EventDate "2016.07.08"]

1. e4 c5 2. Nf3 d6 3. d4 cxd4 4. Nxd4 Nf6 5. Nc3 a6 6. Be2 e5 7. Nb3 Be7 8. O-O
O-O 9. Be3 Be6 10. Qd2 Nbd7 11. a4 Rc8 12. a5 Qc7 13. Rfd1 Rfd8 14. Qe1 Qc6 15.
Bf3 h6 16. Nc1 Qc7 17. h3 Re8 18. Nb3 Qb8 19. Rac1 Bd8 20. Ra1 Rc4 21. Nd2 Rc6
22. Nf1 Qc8 23. Rd2 b5 24. axb6 Nxb6 25. Rd3 Nc4 26. Bc1 Ba5 27. Qd1 Nxb2 28.
Bxb2 Bxc3 29. Rxc3 Rxc3 30. Bxc3 Qxc3 31. Rxa6 Rc8 32. Rxd6 Qxc2 33. Rd8+ Kh7
34. Rxc8 Qxc8 35. Ne3 Qc5 36. h4 g6 37. g3 Kg7 38. Bg2 Qb4 39. Qa1 Qc5 40. Qd1
Qb4 41. Qa1 Qc5 42. Qd1 Qb4 1/2-1/2